Statistics for Taylor Swift - So It Goes... Lyrics

Click here to take the quiz!

General Stats

  • This quiz has been taken 121 times
  • The average score is 351 of 381

Answer Stats

Answer% Correct
a
100%
all
100%
All
100%
I
100%
in
100%
the
100%
you
100%
You
100%
and
98%
And
98%
it
98%
So
98%
so
98%
your
98%
But
97%
but
97%
Do
97%
goes
97%
into
97%
pieces
97%
to
97%
down
95%
fall
95%
know
95%
on
95%
back
94%
Back
94%
bad
94%
eyes
94%
girl
94%
I'm
94%
me
94%
place
94%
right
94%
things
94%
dark
92%
lose
92%
magician
92%
my
92%
not
92%
See
92%
we
92%
We
92%
with
92%
baby
91%
break
91%
it's
91%
keep
91%
us
91%
when
91%
yours
91%
feel
89%
get
89%
illusionist
89%
little
89%
make
89%
now
89%
simple
89%
caught
88%
'Cause
88%
face
88%
moment
88%
can
86%
counting?
86%
did
86%
up
86%
who's
86%
Who's
86%
Cut
85%
Lipstick
85%
necklace
85%
number
85%
1
83%
2
83%
3
83%
alone
83%
got
83%
what
83%
honestly
82%
jealous
82%
days
80%
like
80%
wear
80%
disappear
79%
everyone
79%
Getting
79%
heart
79%
you're
79%
clear
77%
here
77%
wall
77%
against
76%
chill
76%
feelings
76%
Scratches
76%
trip-
76%
gray
74%
trippin'
74%
Trippin'
74%
black
73%
hostage
73%
skip-
73%
skippin'
73%
Skippin'
73%
bar
71%
Come
71%
dressed
70%
gone
68%
Met
68%
cage
67%
Gold
65%

Score Distribution

Percentile by Number Answered

Percent of People with Each Score

Your Score History

You have not taken this quiz